Obchodné rokovania v nemčine a v angličtine
Salvato in:
| Autore principale: | |
|---|---|
| Altri autori: | |
| Natura: | Libro |
| Lingua: | slovacco tedesco inglese |
| Pubblicazione: |
Bratislava
Sprint vfra
2007
|
| Soggetti: | |
| Tags: |
Nessun Tag, puoi essere il primo ad aggiungerne!!
|
MARC
| LEADER | 00000nam$a2200000$$$4500 | ||
|---|---|---|---|
| 001 | 0047364 | ||
| 005 | 20240502071539.8 | ||
| 020 | |a 80-89085-67-9 | ||
| 041 | 0 | |a slo | |
| 041 | 0 | |a ger | |
| 041 | 0 | |a eng | |
| 044 | |a SK | ||
| 245 | 1 | 0 | |a Obchodné rokovania v nemčine a v angličtine |c Eva Ondrčková, Marta Grosmannová |
| 264 | 1 | |a Bratislava |b Sprint vfra |c 2007 | |
| 300 | |a 355 s. | ||
| 610 | 2 | 0 | |a rokovania obchodné |
| 610 | 2 | 0 | |a komunikácia firemná |
| 610 | 2 | 0 | |a terminológia |
| 610 | 2 | 0 | |a jazyky cudzie |
| 100 | 1 | |a Ondrčková, Eva | |
| 700 | 1 | |a Grossmanová, Marta | |